| 000 | 00327 a2200121 4500 | ||
|---|---|---|---|
| 999 |
_c291278 _d291278 |
||
| 001 | 56205 | ||
| 003 | NUST | ||
| 005 | 20180118200639.0 | ||
| 008 | 180118b xxu||||| |||| 00| 0 eng d | ||
| 082 | _a327.21 PAL | ||
| 100 |
_aNorman D Palmer ; Howard C Perins _99015 |
||
| 245 |
_aInternational relations _cNorman D Palmer ; Howard C Perins |
||
| 260 |
_aIslamabad _bN B F |
||
| 300 | _axxxv 817p | ||
| 942 |
_aNUST-CAE _cBK _k327.21 PAL _2ddc |
||